| 000 | 00351nam a2200109Ia 4500 | ||
|---|---|---|---|
| 008 | 220204s9999 xx 000 0 und d | ||
| 020 | _a8171886981 | ||
| 082 |
_a332.146.2 _bECO |
||
| 245 | 0 | _aEconomic and soical survey of Asia and the Pacific 2008: sustaining growthand sharing prosperity | |
| 260 |
_aNew Delhi _bAcademic foundation _c2008 |
||
| 942 | _cBK | ||
| 999 |
_c42858 _d42858 |
||